WJEC GCSE Sociology - Key Thinkers (Education) - Statistics

General Stats
  • This quiz has been taken 9 times
  • The average score is 6 of 18
Answer Stats
Hint Answer % Correct
Schools create social solidarity by transmitting shared norms + values Émile Durkheim
100%
"Learning to labour" study on anti-school subcultures in the working class Paul Willis
100%
Schools are meritocratic, where hard work is rewarded Talcott Parsons
100%
Correspondence theory - Schools mirror the workplace with hierarchy and obedience to authority Bowles + Gintis
83%
"Beachside Comprehensive" study on setting, streaming and banding Stephen Ball
50%
Ideas about cultural capital and social class Pierre Bourdieu
33%
Working-class subculture; fatalism, collectivism, instant gratification and present-time orientation Barry Sugarman
17%
Restricted and elaborated speech codes and social class Basil Bernstein
17%
Boys' domination of space and how education reproduces the patriarchy Becky Francis
17%
Labelling + self-fulfilling prophecy and their effects on educational achievement David Hargreaves
17%
Parents' involvement in their children's education Diane Reay
17%
Social class and material factors affecting educational achievement Halsey
17%
Changing aspirations of women and girls and how this affects achievement Sue Sharpe
17%
The "ethnocentric curriculum" and marginalisation of ethnic minority students Troyna + Williams
17%
Claimed that language used in Black American homes makes them unsuited for a school environment Bereiter + Engellman
0%
Asian families and "tiger parenting" effecting achievement Driver + Ballard
0%
Crisis of masculinity affecting working-class boys' attainment Mitsos + Browne
0%
Gendered subject choices Murphy + Williams
0%
No matching quizzes found
Score Distribution
Percent of People with Each Score
Percentile by Number Answered
Your Score History
You have not taken this quiz